| 000 | 01102nam a2200325 i 4500 | ||
|---|---|---|---|
| 001 | 8043 | ||
| 003 | ES-MaACL | ||
| 005 | 20250816062541.0 | ||
| 007 | t| | ||
| 008 | 910623s1990 sp |||| | spa d | ||
| 020 | _a84-7658-246-3 | ||
| 080 | _a7.01 | ||
| 080 | _a111.852 | ||
| 080 | _a18.01 | ||
| 100 | 1 |
_aSchiller, Friedrich, _d1759-1805 _9104361 |
|
| 245 | 1 | 0 |
_aKallias _b; Cartas sobre la educación estética del hombre / _cFriedrich Schiller ; estudio introductorio de Jaime Feijoo ; traducción y notas de Jaime Feijoo y Jorge Seca. |
| 246 | 3 | 0 | _aCartas sobre la educación estética del hombre |
| 250 | _aEd. bilingüe. | ||
| 260 |
_aBarcelona : _bAnthropos, _c1990. |
||
| 300 |
_aCXLVI, 397 p. ; _c20 cm. |
||
| 490 | 1 |
_aTextos y documentos ; _v8 |
|
| 504 | _aBibliografía: p. CXI-CXLII. | ||
| 546 | _aTexto bilingüe alemán - español. | ||
| 650 | 7 |
_aEstética _2embne _9142387 |
|
| 700 | 1 |
_aFeijoo, Jaime. _949108 |
|
| 700 | 1 |
_aSeca, Jorge. _9105030 |
|
| 830 | 0 |
_aTextos y documentos ; _v8 _9177664 |
|
| 852 |
_aES-MaACL _jL-15314 |
||
| 999 |
_c8043 _d8043 |
||